Frontiers of quantitative economics: V B papers invited for presentation at the ecometric society third wold congress, Toronto, 1975 (Record no. 208894)

MARC details
000 -LEADER
fixed length control field 00482nam a2200145Ia 4500
008 - FIXED-LENGTH DATA ELEMENTS--GENERAL INFORMATION
fixed length control field 230917s9999||||xx |||||||||||||| ||und||
040 ## - CATALOGING SOURCE
-- 57978
Original cataloging agency VIVEKANANDA LIBRARY
041 ## - Language
-- English
082 ## - DDC NUMBER
Classification number 330.1543 I8F
100 ## - MAIN ENTRY--PERSONAL NAME
Personal name Intriligator, Michael D, ed
245 #0 - TITLE STATEMENT
Title Frontiers of quantitative economics: V B papers invited for presentation at the ecometric society third wold congress, Toronto, 1975
260 ## - PUBLICATION, DISTRIBUTION, ETC. (IMPRINT)
Place of publication, distribution, etc Amsterdam
Name of publisher, distributor, etc North-Holland
Date of publication, distribution, etc 1977
300 ## - PHYSICAL DESCRIPTION
Pages xii, 387-845 p.
942 ## - ADDED ENTRY ELEMENTS (KOHA)
Koha item type Books
Holdings
Withdrawn status Lost status Damaged status Not for loan Location (home branch) Sublocation or collection (holding branch) Date acquired Koha issues (times borrowed) Koha full call number Accession No. Koha date last seen Koha item type
        VIVEKANANDA LIBRARY VIVEKANANDA LIBRARY 27/12/2002   330.1543 I8F 70908 17/09/2023 Books
© Designed and Maintained by Vivekananda Library, MDU Rohtak